00213nam a22000977a 4500008004100000041000800041080001300049100000700062101000800069245003800077190304b xxu||||| |||| 00| 0 eng d aeng 25tha540 a12 aKIM aThe Chemical Industry Facts Book